Detalles MARC
| 000 -LEADER |
| fixed length control field |
03440nam a2200505Ii 4500 |
| 001 - CONTROL NUMBER |
| control field |
DIGEUDE080 |
| 003 - CONTROL NUMBER IDENTIFIER |
| control field |
NyNyDIG |
| 008 - FIXED-LENGTH DATA ELEMENTS--GENERAL INFORMATION |
| fixed length control field |
160429t20122012ag ob 000 0 spa d |
| 006 - FIXED-LENGTH DATA ELEMENTS--ADDITIONAL MATERIAL CHARACTERISTICS |
| fixed length control field |
m o d |
| 007 - PHYSICAL DESCRIPTION FIXED FIELD--GENERAL INFORMATION |
| fixed length control field |
cr ||||||||||| |
| 035 ## - SYSTEM CONTROL NUMBER |
| System control number |
(OCoLC)948336192 |
| 040 ## - CATALOGING SOURCE |
| Original cataloging agency |
DGITA |
| Language of cataloging |
eng |
| Description conventions |
rda |
| -- |
pn |
| Transcribing agency |
DGITA |
| 020 ## - INTERNATIONAL STANDARD BOOK NUMBER |
| International Standard Book Number |
9789502320243 |
| Qualifying information |
(eBook ; |
| -- |
ePub) |
| 020 ## - INTERNATIONAL STANDARD BOOK NUMBER |
| International Standard Book Number |
9502320247 |
| Qualifying information |
(eBook ; |
| -- |
ePub) |
| 020 ## - INTERNATIONAL STANDARD BOOK NUMBER |
| Canceled/invalid ISBN |
9789502318752 |
| 020 ## - INTERNATIONAL STANDARD BOOK NUMBER |
| Canceled/invalid ISBN |
9502318757 |
| 043 ## - GEOGRAPHIC AREA CODE |
| Geographic area code |
s-ag--- |
| 050 14 - LIBRARY OF CONGRESS CALL NUMBER |
| Classification number |
PN5007.P6 eBook |
| 082 04 - DEWEY DECIMAL CLASSIFICATION NUMBER |
| Classification number |
070.4493240982 |
| Edition number |
23 |
| 245 00 - TITLE STATEMENT |
| Title |
Voces y silencios : |
| Remainder of title |
la prensa argentina y la dictadura militar (1976-1983) / |
| Statement of responsibility, etc. |
Jorge Saborido y Marcelo Borrelli (coordinadores). |
| 250 ## - EDITION STATEMENT |
| Edition statement |
1o edición. |
| 264 #1 - PRODUCTION, PUBLICATION, DISTRIBUTION, MANUFACTURE, AND COPYRIGHT NOTICE |
| Place of production, publication, distribution, manufacture |
Ciudad de Buenos Aires : |
| Name of producer, publisher, distributor, manufacturer |
Eudeba, Editorial Universitaria de Buenos Aires, |
| Date of production, publication, distribution, manufacture, or copyright notice |
septiembre de 2012. |
| 264 #4 - PRODUCTION, PUBLICATION, DISTRIBUTION, MANUFACTURE, AND COPYRIGHT NOTICE |
| Date of production, publication, distribution, manufacture, or copyright notice |
©2012 |
| 300 ## - PHYSICAL DESCRIPTION |
| Extent |
1 online resource. |
| 336 ## - CONTENT TYPE |
| Content type term |
text |
| Content type code |
txt |
| Source |
rdacontent |
| 337 ## - MEDIA TYPE |
| Media type term |
computer |
| Media type code |
c |
| Source |
rdamedia |
| 338 ## - CARRIER TYPE |
| Carrier type term |
online resource |
| Carrier type code |
cr |
| Source |
rdacarrier |
| 490 1# - SERIES STATEMENT |
| Series statement |
Temas de comunicación |
| 504 ## - BIBLIOGRAPHY, ETC. NOTE |
| Bibliography, etc. note |
Includes bibliographical references. |
| 505 0# - FORMATTED CONTENTS NOTE |
| Formatted contents note |
Los diarios -- Una "batalla ganada" : Clarín y la compra de Papel Prensa (1976-1978) / Marcelo Borrelli -- "El diario de Massera" : convicción durante la dictadura militar / Marcelo Borrelli y Jorge Saborido -- Entre la guerra sucia y la guerra de Malvinas, la guerra que no fue : los medios y el conflicto del Beagle (1977-1982) / César L. Díaz, Mario J. Giménez y María M. Passaro -- El choque de los paradigmas y la muerte del diario La opinión de Jacobo Timerman : una historia que continúa / Fernando J. Ruiz -- La Nación y Clarín frente a la violencia política (1976-1980) : dos casos de periodismo hermesiano / César L. Díaz -- Las revistas : la prensa católica -- "Por la nación contra el caos" : la revista Cabildo y el "proceso de reorganización nacional" / Jorge Saborido -- Criterio frente al golpe de Estado de 1976 : una apuesta a la salida institucional / Marcelo Borrelli -- Esquiú-Color ante el proceso de apertura política (1981-1982) : de la democracia tutelada a la reconciliacíon nacional / Mercedes A. González -- La prensa política : el informe de la CIDH y su repercusión en la prensa política (1979-1980) : los casos de Confirmado, Redacción y Extra / Damián Díaz y Mercedes Saborido -- Ascenso y caída de un "interlocutor válido" : Confirmado (1976-1978) / María Sol Porta -- Somos y Gente frente a la guerra de Malvinas : dos miradas en una misma editorial / María Paula Gago y Jorge Saborido. |
| 588 0# - SOURCE OF DESCRIPTION NOTE |
| Source of description note |
Online resource; title from PDF title page (Digitalia, viewed April 29, 2016) |
| 650 #0 - SUBJECT ADDED ENTRY--TOPICAL TERM |
| Topical term or geographic name entry element |
Press and politics |
| Geographic subdivision |
Argentina |
| General subdivision |
History |
| Chronological subdivision |
20th century. |
| 651 #0 - SUBJECT ADDED ENTRY--GEOGRAPHIC NAME |
| Geographic name |
Argentina |
| General subdivision |
Politics and government |
| Chronological subdivision |
1955-1983. |
| 650 #0 - SUBJECT ADDED ENTRY--TOPICAL TERM |
| Topical term or geographic name entry element |
Human rights |
| General subdivision |
Press coverage |
| Geographic subdivision |
Argentina. |
| 655 #0 - INDEX TERM--GENRE/FORM |
| Genre/form data or focus term |
Electronic books. |
| 700 1# - ADDED ENTRY--PERSONAL NAME |
| Personal name |
Saborido, Jorge, |
| Relator term |
editor. |
| 700 1# - ADDED ENTRY--PERSONAL NAME |
| Personal name |
Borrelli, Marcelo, |
| Dates associated with a name |
1976- |
| Relator term |
editor. |
| 791 2# - |
| -- |
Digitalia (Firm), |
| -- |
distributor. |
| 793 0# - |
| -- |
Digitalia eBook Collection: |
| -- |
Eudeba |
| 776 08 - ADDITIONAL PHYSICAL FORM ENTRY |
| Relationship information |
Print version: |
| Title |
Voces y silencios. |
| Edition |
1o ed. |
| Place, publisher, and date of publication |
Ciudad de Buenos Aires : Eudeba, 2011 |
| International Standard Book Number |
9789502318752 |
| Record control number |
(DLC) 2012377101 |
| -- |
(OCoLC)793328376 |
| 830 #0 - SERIES ADDED ENTRY--UNIFORM TITLE |
| Uniform title |
Temas (Editorial Universitaria de Buenos Aires). |
| Name of part/section of a work |
Comunicación. |
| 856 40 - ELECTRONIC LOCATION AND ACCESS |
| Materials specified |
Digitalia Hispánica |
| Uniform Resource Identifier |
<a href="https://www.digitaliapublishing.com/a/32586/">https://www.digitaliapublishing.com/a/32586/</a> |
| 910 ## - USER-OPTION DATA (OCLC) |
| User-option data |
Premium Collection: 2016 |
| 942 ## - ADDED ENTRY ELEMENTS (KOHA) |
| Koha item type |
Recurso Electrónico |